000 00336nam a2200133 a 4500
001 4143
005 20140414131855.0
008 090223s19uu xx 00 eng d
050 _aM 813.4
_bC59 2008
100 _aTwain, Mark
245 _aThe Adventures of Tom Sawyer.
260 _aNew York :
_bPenguin Books,
_c2008.
999 _c110390
_d110390